| 000 | 04639nam a22003137a 4500 | ||
|---|---|---|---|
| 007 | cr | ||
| 008 | 220210e20211209ag |||||om||| 001 0 spa d | ||
| 040 |
_cAR-FvUNAJ _dAR-FvUNAJ _eaacr2 |
||
| 041 | _aspa | ||
| 100 | 1 |
_913895 _aVera, Pablo Mariano |
|
| 245 | 1 | 0 |
_aCorrelación de dos métodos para la determinación de 17-Hidroxiprogesterona / _cPablo Mariano Vera |
| 260 |
_aFlorencio Varela : _bUniversidad Nacional Arturo Jauretche, _c2021 |
||
| 300 |
_a49 p. _bil. col. |
||
| 502 |
_bTesis para obtener el titulo de Bioquímico/a _gUniversidad Nacional Arturo Jauretche. |
||
| 520 | 2 | _aIntroducción: La 17α-hidroxiprogesterona (17OHP) es un metabolito intermediario producido en las vías esteroidogénicas de la corteza suprarrenal. El dosaje de 17OHP permite evaluar la función endócrina de las glándulas suprarrenales. Una de las patologías endócrinas más frecuentes en pediatría es la hiperplasia suprarrenal congénita (HSC), que resulta de la deficiencia o ausencia de total de una enzima que participa en la biosíntesis de hormonas esteroideas. El déficit de 21-hidroxilasa es el más frecuente, ocasiona aumento de los niveles de 17OPH, este metabolito se determina mediante el método de radioinmunoensayo (RIA). Un resultado preciso y exacto es imprescindible para llegar a un diagnóstico certero y realizar el tratamiento, control y seguimientos de los pacientes. Objetivo: Correlacionar dos métodos de dosaje de 17OHP in vitro utilizando muestras de pacientes a partir de la introducción en el mercado de un nuevo método analítico. Materiales y métodos: Se trabajó con muestras de pacientes de ambos sexos con edades comprendidas entre los 15 días y 30 años, que concurrieron al hospital durante el periodo establecido de abril a octubre de 2020 para el diagnóstico y control de tratamiento de hiperplasia suprarrenal, amenorreas y sospecha de pubertad precoz. Se realizó la determinación 17OHP mediante dos métodos, RIA y quimioluminiscencia Maglumi® 600. Se evaluaron características de la población, estadísticos descriptivos de las muestras, se evaluó la distribución, se realizó el test Wilcoxon, análisis de correlación, gráficos de Bland Altman para evaluar error sistemático, cálculo del sesgo, coeficiente de variación, el error total y finalmente la regresión de Passing-Bablok. Resultados: El análisis de la distribución de los datos mostró que no se distribuían de manera normal, el test Wilcoxon indicó que existe una diferencia significativa en las medianas de ambas metodologías. En el análisis de correlación de Spearman se observó una buena correlación entre los dos métodos, esta es positiva y clasificada como fuerte. En cuanto al análisis de las diferencias realizado mediante gráficos de Bland-Altman,se calculó una diferencia media relativa de 10,7%, este valor es menor al límite de desviación deseable con criterio de variabilidad biológica (13,5%). El coeficiente de variación, sesgo o BIAS y error total del nuevo método, para dos niveles de control de calidad cumplen con el criterio de variabilidad biológica. En el análisis de la regresión de Passing Bablok se obtuvo la siguiente ecuación de la recta: y= 1,116 x + 0,0130. Discusión y conclusión: Según el análisis estadístico, ambos métodos de dosajede 17OHP, se consideran intercambiables y equivalentes puesto que hay concordancia entre ambos, cumplen con el criterio de variabilidad biológica para el análisis de la diferencias de Bland-Altaman, CV, sesgo y error total. La regresión lineal mostró que existe un mínimo sesgo proporcional que no condiciona la utilidad clínica. Por lo expuesto, los dos métodos se consideran adecuados para el diagnóstico clínico, recomendando que el seguimiento de los pacientes se realice siempre por un mismo método. | |
| 540 |
_aEsta obra está bajo una Licencia Creative Commons Argentina. Atribución – no comercial – sin obra derivada 4.0 _uhttps://creativecommons.org/licenses/by-nc-nd/4.0/ |
||
| 630 | 0 | 0 |
_911366 _aBioquímica |
| 650 | 2 | 7 |
_2decs _911337 _a17-ALFA-HIDROXIPROGESTERONA |
| 650 | 2 | 7 |
_2decs _913896 _aRADIOINMUNOENSAYO |
| 650 | 2 | 7 |
_2decs _913897 _aMEDICIONES LUMINISCENTES |
| 650 | 2 | 4 |
_913898 _aQUIMIOLUMINISCENCIA |
| 650 | 2 | 7 |
_2decs _912707 _aHIPERPLASIA SUPRARRENAL CONGENITA |
| 650 | 2 | 7 |
_2decs _913899 _aESTEROIDE 21-HIDROXILASA |
| 700 | 1 |
_914553 _aTournier, Andrea _eDirector |
|
| 856 | 4 | 1 |
_uhttps://rid.unaj.edu.ar/handle/123456789/2633 _qapplication/pdf |
| 942 |
_2ddc _cTF |
||
| 980 |
_620072 _a Regueira _820072 _g Matías Regueira |
||
| 999 |
_c7417 _d7417 |
||